000 01268nam a2200385 c 4500
999 _c51235
_d51235
001 51235
003 ES-MaCES
005 20190510040009.0
008 190426s2019 sp 000 | spa d
017 _aAB 189-2019
_bDL
020 _a9788417310684
040 _aES-MaCES
_bspa
_cES-MaCES
100 1 _939570
_aEstaban Legarreta, Ricardo
245 1 0 _aControles y límites de la incapacidad temporal
_cRicardo Estaban Legarreta
250 _a1ª ed
260 _aAlbacete
_bBomarzo
_c2019
300 _a186 p.
_c24 cm
490 1 _aColección Estudios
541 _cCompra
650 4 _adiscapacidad profesional
_929684
650 4 _aprestaciones de invalidez
_927036
650 4 _amecanismo de control
_929918
650 4 _aadministración de la seguridad social
_930264
650 4 _agestión de las prestaciones
_930736
650 4 _amutualidad
_930256
650 4 _apoder empresarial
_930600
650 4 _asupervisión de los empleados
_930656
650 4 _alegislación de seguridad social
_929855
650 4 _aEspaña
_926964
650 4 _arégimen jurídico
_929894
653 1 0 _aDerecho del trabajo y Seguridad Social
830 0 _aColección Estudios (Editorial Bomarzo)
_939568
902 _aLIB Libro
942 _2CES
_cBK
_h6.0.1.